| 000 | 00622nam a2200229 a 4500 | ||
|---|---|---|---|
| 005 | 20210219153442.0 | ||
| 008 | 991125n 000 0 u | ||
| 035 | _aUPN01000100617 | ||
| 100 | 1 | _aYáñez Menéndez, José | |
| 222 | _aEDUCACION | ||
| 245 | _aSoftware educacional de múltiples aplicaciones | ||
| 300 | _a110-115 | ||
| 362 | 0 | _a1992 Año 22, no. 81, ene.-jun. | |
| 653 | 0 | _aCOMPUTACION EDUCATIVA | |
| 653 | 0 | _aENSEÑANZA | |
| 700 | 1 | _aFernández Vázquez, Jorge E., | |
| 700 | 1 | _ecoaut. | |
| 700 | 1 | _aLara Hernández, Felipe, | |
| 700 | 1 | _ecoaut. | |
| 904 |
_aAC _b038428 |
||
| 905 | _aArticulo | ||
| 999 |
_c77239 _d77239 |
||